00331nam a2200133Ia 4500003000900000005001700009008003700026040003300063041000800096080001700104245004300121260001600164300001700180LK-CoDNM20241209122523.0010623t xxu||||| |||| 00| 1 eng d aLK-CoDNMdLK-CoDNMeLK-CoDNM aeng a294.32 bFUN aThe Fundamental Principles of Buddhism bPrint House b5p. ; 21 cm